| 000 | 00560nam a2200193Ia 4500 | ||
|---|---|---|---|
| 003 | GCL | ||
| 008 | 140319s9999 xx 000 0 ara d | ||
| 040 |
_aGCL / _cGCL |
||
| 082 | 0 | 4 |
_a810.9 _bن ف |
| 100 | 1 | _aنبيل سليمان | |
| 245 | 1 | 0 |
_aفى الابداع والنقد / _cنبيل سليمان |
| 300 | _a159 ص | ||
| 490 |
_aالهيئة العامة للاستعلامات _v0 |
||
| 650 | 0 | 4 | _aالادب |
| 650 | 0 | 4 | _aالادب - تاريخ ونقد |
| 650 | 0 | 4 | _aالابداع الفنى |
| 650 | 0 | 4 | _aالدبابات |
| 942 |
_2ddc _cBK |
||
| 999 |
_c41237 _d41237 |
||